00449nam a22001457a 450000500170000002000180001710000290003524500160006426000290008030000130010965000230012294200120014599900190015795201270017620260220110556.0 a9789370671409 aJillian Sanderson910411 aOnline News aNew DelhibPinakinc2027 aviii+284 aDigital Age910412 2ddccBK c756499d756499 00102ddc4070aDCIbDCIcGENd2026-02-13eChapter Booksl0o070.1028 JIL.OpDCJ7366r2026-02-20 05:38:09w2026-02-20yBK